[Event "Pan American-ch U14 Girls"]
[Site "Guayaquil"]
[Date "2019.07.24"]
[Round "6"]
[White "Figueroa Bernal, Julia Dennis Paloma"]
[Black "Miyasaka, Julia K"]
[Result "1-0"]
[WhiteElo "1837"]
[BlackElo "1664"]
[PlyCount "85"]
[EventDate "2019.07.21"]
[EventType "swiss"]
[EventRounds "9"]
[EventCountry "ECU"]
[SourceTitle "EXT 2020"]
[Source "ChessBase"]
[SourceDate "2019.10.17"]
[SourceVersion "1"]
[SourceVersionDate "2019.10.17"]
[SourceQuality "1"]

1. e4 e5 2. Nf3 Nc6 3. d4 exd4 4. Nxd4 Nf6 5. Nxc6 bxc6 6. Qe2 Qe7 7. Nc3 d6 8. Bg5 g6 9. e5 Bg7 10. exf6 Qxe2+ 11. Bxe2 Bf8 12. Bf3 d5 13. 0-0-0 Be6 14. Rhe1 0-0-0 15. Be3 Kb7 16. Na4 h5 17. Bc5 Bd6 18. Rd3 Rhe8 19. Rb3+ Ka8 20. Bxd6 cxd6 21. c4 Rc8 22. c5 dxc5 23. Nxc5 Rc7 24. Rbe3 Rf8 25. Nxe6 fxe6 26. Rxe6 Rcf7 27. Re8+ Kb7 28. R1e7+ Kb6 29. Rxf8 Rxf8 30. f7 a5 31. g4 h4 32. g5 Kc5 33. Bg4 Kd6 34. Rd7+ Ke5 35. Kd2 Kf4 36. Be6 Kxg5 37. Re7 Kf6 38. Re8 Kg7 39. Kd3 g5 40. f3 a4 41. h3 Rxf7 42. Bxf7 Kxf7 43. Rc8 1-0

[Event "Pan American-ch U14 Girls"]
[Site "Guayaquil"]
[Date "2019.07.24"]
[Round "5"]
[White "Francisco Guecamburu, Candela Be"]
[Black "Miyasaka, Julia K"]
[Result "1-0"]
[WhiteElo "1809"]
[BlackElo "1664"]
[PlyCount "65"]
[EventDate "2019.07.21"]
[EventType "swiss"]
[EventRounds "9"]
[EventCountry "ECU"]
[SourceTitle "EXT 2020"]
[Source "ChessBase"]
[SourceDate "2019.10.17"]
[SourceVersion "1"]
[SourceVersionDate "2019.10.17"]
[SourceQuality "1"]

1. e4 e5 2. Nf3 Nc6 3. Bb5 a6 4. Ba4 Nf6 5. d3 b5 6. Bb3 Be7 7. 0-0 d6 8. c3 0-0 9. Re1 Na5 10. Bc2 c5 11. h3 Re8 12. Nbd2 Bf8 13. Nf1 g6 14. Ne3 Bg7 15. Nh2 Be6 16. Nhg4 Nxg4 17. hxg4 Qh4 18. Qf3 h6 19. g3 Qf6 20. Qg2 Kh7 21. f4 Rf8 22. f5 Bd7 23. Rf1 Qd8 24. g5 gxf5 25. gxh6 Bf6 26. Nxf5 Bxf5 27. Rxf5 c4 28. d4 exd4 29. Rxf6 d3 30. Qf3 dxc2 31. Qf5+ Kh8 32. Bg5 Qc7 33. Rxd6 1-0

[Event "Pan American-ch U14 Girls"]
[Site "Guayaquil"]
[Date "2019.07.23"]
[Round "4"]
[White "Miyasaka, Julia K"]
[Black "Yellamraju, Ambica"]
[Result "1/2-1/2"]
[WhiteElo "1664"]
[BlackElo "1712"]
[PlyCount "67"]
[EventDate "2019.07.21"]
[EventType "swiss"]
[EventRounds "9"]
[EventCountry "ECU"]
[SourceTitle "EXT 2020"]
[Source "ChessBase"]
[SourceDate "2019.10.17"]
[SourceVersion "1"]
[SourceVersionDate "2019.10.17"]
[SourceQuality "1"]

1. e4 e6 2. d4 d5 3. Nc3 dxe4 4. Nxe4 Nd7 5. Nf3 Ngf6 6. Nxf6+ Nxf6 7. Bd3 Be7 8. 0-0 0-0 9. c3 b6 10. Ne5 Bb7 11. f4 c5 12. dxc5 Bxc5+ 13. Kh1 Ne4 14. Bxe4 Bxe4 15. Qe2 Qd5 16. b4 Bd6 17. Re1 Bxe5 18. fxe5 Bd3 19. Qf3 Qc4 20. Bd2 Rfd8 21. Qf4 Qc6 22. a4 a5 23. b5 Qc7 24. Be3 Rab8 25. Bd4 Bc4 26. Re3 f5 27. Rh3 Bd5 28. Qh4 g6 29. Qh6 Qg7 30. Qe3 Qb7 31. Rg3 Kf8 32. Qf4 Rbc8 33. Qf2 Rb8 34. Qf4 1/2-1/2

[Event "Pan American-ch U14 Girls"]
[Site "Santiago de Chile"]
[Date "2018.07.27"]
[Round "7"]
[White "Frattini, Beatriz Maria"]
[Black "Miyasaka, Julia K"]
[Result "1/2-1/2"]
[WhiteElo "1605"]
[BlackElo "1645"]
[PlyCount "64"]
[EventDate "2018.07.22"]
[EventType "swiss"]
[EventRounds "9"]
[EventCountry "CHI"]
[SourceTitle "EXT 2022"]
[Source "ChessBase"]
[SourceDate "2021.10.06"]
[SourceVersion "1"]
[SourceVersionDate "2021.10.06"]
[SourceQuality "1"]

1. e4 e5 2. Nf3 Nc6 3. Bc4 Bc5 4. 0-0 Nf6 5. d3 d6 6. h3 a6 7. a4 0-0 8. Bg5 h6 9. Bh4 Be6 10. Nbd2 Qe7 11. c3 Rad8 12. Qe2 Bxc4 13. Nxc4 Qe6 14. Ne3 Rd7 15. b4 Bb6 16. Nc4 Re8 17. Nxb6 cxb6 18. Nd2 d5 19. Bxf6 Qxf6 20. exd5 Rxd5 21. Nc4 Red8 22. Rad1 Qg6 23. Nb2 Ne7 24. f4 Nf5 25. fxe5 Qe6 26. Rfe1 Ng3 27. Qf3 Nf5 28. d4 f6 29. exf6 Qxf6 30. Nc4 Nh4 31. Qg3 Ng6 32. h4 Rc8 1/2-1/2

[Event "Pan American-ch U12 Girls"]
[Site "San Jose"]
[Date "2017.07.02"]
[Round "3"]
[White "Yellamraju, Ambica"]
[Black "Miyasaka, Julia K"]
[Result "0-1"]
[WhiteElo "1478"]
[BlackElo "1599"]
[PlyCount "174"]
[EventDate "2017.07.01"]
[EventType "swiss"]
[EventRounds "9"]
[EventCountry "CRI"]
[SourceTitle "EXT 2022"]
[Source "ChessBase"]
[SourceDate "2021.10.06"]
[SourceVersion "1"]
[SourceVersionDate "2021.10.06"]
[SourceQuality "1"]

1. d4 d5 2. c4 e6 3. Nc3 Be7 4. cxd5 exd5 5. Nf3 c6 6. Qc2 Nf6 7. Bf4 Nbd7 8. e3 0-0 9. Bd3 Re8 10. Ne5 Nf8 11. 0-0 Nh5 12. Bg3 Nxg3 13. hxg3 Bd6 14. Nf3 Bg4 15. Nd2 Qf6 16. Be2 Qg5 17. Qd1 Bf5 18. Nf3 Qh6 19. Nh4 Bc8 20. Bg4 Qg5 21. Bxc8 Raxc8 22. Nf3 Qh6 23. Nh4 Re6 24. Qg4 Rce8 25. Nf5 Qf6 26. Nxd6 Rxd6 27. Ne2 Re4 28. Qh3 Qg5 29. Nf4 f5 30. Qh4 Qxh4 31. gxh4 Ng6 32. Nd3 Rxh4 33. Nc5 b6 34. Na6 Re4 35. Rac1 f4 36. Nb4 Ree6 37. Rfe1 a5 38. Nd3 fxe3 39. fxe3 Rd8 40. b3 Rde8 41. Kf2 Kf7 42. Nb2 Ne7 43. Nd3 Rc8 44. Ne5+ Ke8 45. Rh1 h6 46. Rh3 Ng6 47. Nd3 Rc7 48. b4 axb4 49. Nxb4 Kd7 50. Rg3 Rf6+ 51. Ke2 Kd6 52. Nd3 Nh4 53. Rb1 Ra7 54. Rb2 Nf5 55. Rf3 Re7 56. Kf2 Kc7 57. Ne5 Ree6 58. Rc2 Ne7 59. Nd3 Rxf3+ 60. gxf3 Nf5 61. Nf4 Rd6 62. Nd3 Kb7 63. Rb2 Ka7 64. Rc2 Re6 65. Ne5 Kb7 66. Rb2 Kc7 67. Rc2 Ne7 68. Rc1 g5 69. Rh1 Ng8 70. Rg1 Nf6 71. Rh1 h5 72. Nf7 g4 73. Ne5 gxf3 74. Kxf3 c5 75. Rc1 c4 76. Kf4 Ng4 77. Kf5 Re8 78. Nxg4 hxg4 79. Kxg4 Rxe3 80. Kf5 Kc6 81. Rc2 Kb5 82. Rb2+ Ka5 83. a3 Re4 84. Rd2 Ka4 85. Rb2 b5 86. Rb4+ Ka5 87. Rb2 Rxd4 0-1

[Event "Windsor NAYCC U12 Girls"]
[Site "Windsor"]
[Date "2016.08.09"]
[Round "4.115"]
[White "Wang, Isabelle"]
[Black "Miyasaka, Julia K"]
[Result "1-0"]
[WhiteElo "1102"]
[BlackElo "1466"]
[PlyCount "117"]
[EventDate "2016.08.07"]
[EventType "swiss"]
[EventRounds "9"]
[EventCountry "CAN"]
[SourceTitle "EXT 2022"]
[Source "ChessBase"]
[SourceDate "2021.10.06"]
[SourceVersion "1"]
[SourceVersionDate "2021.10.06"]
[SourceQuality "1"]

1. e4 e5 2. Nf3 Nc6 3. Nc3 Nf6 4. d4 exd4 5. Nxd4 Bb4 6. Nxc6 bxc6 7. Bd3 d5 8. exd5 cxd5 9. 0-0 0-0 10. Bg5 c6 11. Qf3 Be7 12. Rfe1 Be6 13. Ne2 h6 14. Bc1 Re8 15. Nd4 Bd7 16. c3 Qc8 17. h3 Bc5 18. Bd2 Qb7 19. b3 Rad8 20. Qg3 Kh8 21. Qf3 Bc8 22. Bxh6 Ne4 23. Bf4 Nf6 24. Bg5 Nh7 25. Bxd8 Rxd8 26. Qh5 g6 27. Qh4 Qc7 28. Nf3 Kg8 29. b4 Bf8 30. Ng5 Nxg5 31. Qxg5 Be6 32. Bxg6 Bg7 33. Rac1 Rd6 34. Bd3 Qc8 35. Re3 Qd8 36. Qh5 Qf6 37. Rg3 Rd8 38. Bb1 Qf4 39. Qh7+ Kf8 40. Qxg7+ Ke8 41. Re1 Qd2 42. Rge3 Kd7 43. Rxe6 Kc7 44. Qxf7+ Rd7 45. Qf3 Qb2 46. Qf6 Qa3 47. Rxc6+ Kb7 48. Rce6 Qa4 49. Re7 Kc7 50. Rxd7+ Qxd7 51. Re7 Qxe7 52. Qxe7+ Kc6 53. Qc5+ Kd7 54. Qxd5+ Ke7 55. Qc6 Kf7 56. Qd6 Kg7 57. Qe6 Kh8 58. Qe7 a6 59. Qh7# 1-0

[Event "Pan American-ch U12 Girls 27th"]
[Site "Montevideo"]
[Date "2016.07.27"]
[Round "4"]
[White "Miyasaka, Julia K"]
[Black "Bosco, Giuliana"]
[Result "1/2-1/2"]
[WhiteElo "1466"]
[BlackElo "1499"]
[PlyCount "49"]
[EventDate "2016.07.25"]
[EventType "swiss"]
[EventRounds "9"]
[EventCountry "URU"]
[SourceTitle "EXT 2017"]
[Source "ChessBase"]
[SourceDate "2016.10.25"]
[SourceVersion "1"]
[SourceVersionDate "2016.10.25"]
[SourceQuality "1"]

1. e4 e6 2. d4 d5 3. Nc3 Bb4 4. e5 Qd7 5. a3 Bxc3+ 6. bxc3 b6 7. Nf3 Ba6 8. Bd3 Bxd3 9. Qxd3 Nc6 10. 0-0 0-0-0 11. Qa6+ Kb8 12. a4 Na5 13. Nd2 Ne7 14. Nb3 Nec6 15. Bg5 Qc8 16. Qb5 a6 17. Qd3 Rdg8 18. Nxa5 Nxa5 19. Rfb1 Nc4 20. a5 b5 21. Be7 Qd7 22. Bc5 c6 23. f4 g6 24. Ra2 h5 25. Kf1 1/2-1/2

[Event "Pan American-ch U12 Girls 27th"]
[Site "Montevideo"]
[Date "2016.07.26"]
[Round "2"]
[White "Miyasaka, Julia K"]
[Black "Kao, Simona"]
[Result "1-0"]
[WhiteElo "1466"]
[BlackElo "1289"]
[PlyCount "109"]
[EventDate "2016.07.25"]
[EventType "swiss"]
[EventRounds "9"]
[EventCountry "URU"]
[SourceTitle "EXT 2017"]
[Source "ChessBase"]
[SourceDate "2016.10.25"]
[SourceVersion "1"]
[SourceVersionDate "2016.10.25"]
[SourceQuality "1"]

1. e4 e5 2. Nf3 Nc6 3. Bc4 Bc5 4. d3 d6 5. c3 Nf6 6. Nbd2 Be6 7. Bb5 0-0 8. 0-0 a6 9. Ba4 Ne7 10. h3 b5 11. Bb3 Nc6 12. Re1 Re8 13. Nf1 Bxb3 14. axb3 d5 15. Qe2 h6 16. Ng3 dxe4 17. dxe4 Qc8 18. Nf5 Kh7 19. Nh2 Ne7 20. Nxe7 Rxe7 21. Nf3 Qb7 22. Nh4 Ree8 23. Nf5 Ng8 24. Qf3 c6 25. Qg4 f6 26. Nh4 Ne7 27. Be3 Bxe3 28. Rxe3 Rg8 29. Rd1 Rad8 30. Red3 Rxd3 31. Rxd3 Qc8 32. Rd7 Re8 33. Nf5 Nxf5 34. Qxf5+ Kh8 35. Qg4 Rg8 36. f3 g6 37. Qe6 Rg7 38. Rd6 Qxe6 39. Rxe6 Rc7 40. Rxf6 Kg7 41. Re6 Kf7 42. Rxe5 Re7 43. Rxe7+ Kxe7 44. Kf2 g5 45. Ke3 Kd6 46. f4 gxf4+ 47. Kxf4 Ke6 48. c4 bxc4 49. bxc4 h5 50. g4 hxg4 51. hxg4 c5 52. e5 a5 53. b3 a4 54. bxa4 Kf7 55. Kf5 1-0

[Event "Wch U10 Girls"]
[Site "Porto Carras"]
[Date "2015.10.31"]
[Round "6"]
[White "Miyasaka, Julia K"]
[Black "Cai, Boheng"]
[Result "1/2-1/2"]
[WhiteElo "1512"]
[BlackElo "1594"]
[PlyCount "91"]
[EventDate "2015.10.25"]
[EventType "swiss"]
[EventRounds "11"]
[EventCountry "GRE"]
[SourceTitle "CBM 169 Extra"]
[Source "ChessBase"]
[SourceDate "2015.12.18"]
[SourceVersion "1"]
[SourceVersionDate "2015.12.18"]
[SourceQuality "1"]

1. e4 c6 2. d4 d5 3. Nc3 dxe4 4. Nxe4 Bf5 5. Ng3 Bg6 6. h4 h6 7. h5 Bh7 8. Nf3 Nd7 9. Bd3 Bxd3 10. Qxd3 e6 11. Bd2 Ngf6 12. 0-0-0 Bd6 13. Ne4 Nxe4 14. Qxe4 Nf6 15. Qe2 Bc7 16. c4 Qe7 17. Kb1 0-0-0 18. Bc3 Kb8 19. Ne5 Nd7 20. Nd3 Rhe8 21. f4 Bb6 22. g4 f6 23. Rde1 Qf7 24. b3 c5 25. dxc5 Nxc5 26. Nxc5 Bxc5 27. Rd1 Qc7 28. Rxd8+ Rxd8 29. Rd1 Rd6 30. Rxd6 Qxd6 31. Qd2 Kc7 32. Kc2 Qxd2+ 33. Kxd2 Kc6 34. Kd3 b6 35. b4 Be7 36. Ke4 a6 37. a3 Bf8 38. Bd2 Be7 39. Be3 Bd8 40. Kf3 b5 41. c5 Kd5 42. Bc1 e5 43. fxe5 fxe5 44. Bb2 Bf6 45. Ke3 Bg5+ 46. Kd3 1/2-1/2